<?xml version="1.0" encoding="UTF-8"?>
<record
    xmlns:xsi="http://www.w3.org/2001/XMLSchema-instance"
    xsi:schemaLocation="http://www.loc.gov/MARC21/slim http://www.loc.gov/standards/marcxml/schema/MARC21slim.xsd"
    xmlns="http://www.loc.gov/MARC21/slim">

  <leader>01874nam a2200277Ia 4500</leader>
  <controlfield tag="003">OSt</controlfield>
  <controlfield tag="005">20210521121141.0</controlfield>
  <controlfield tag="008">210310s2013    sp     gr     001 0 s   d</controlfield>
  <datafield tag="020" ind1=" " ind2=" ">
    <subfield code="a">9788415664239</subfield>
  </datafield>
  <datafield tag="040" ind1=" " ind2=" ">
    <subfield code="a">CO-JMCR</subfield>
    <subfield code="c">CO-JMCR</subfield>
  </datafield>
  <datafield tag="041" ind1="0" ind2=" ">
    <subfield code="a">spa</subfield>
  </datafield>
  <datafield tag="082" ind1="0" ind2="4">
    <subfield code="a">330.156 /</subfield>
    <subfield code="b">T692k</subfield>
    <subfield code="2">23</subfield>
  </datafield>
  <datafield tag="100" ind1="1" ind2=" ">
    <subfield code="a">Torrero Ma&#xF1;as, Antonio, </subfield>
    <subfield code="9">15752</subfield>
    <subfield code="e">autor</subfield>
  </datafield>
  <datafield tag="245" ind1="1" ind2="0">
    <subfield code="a">Keynes y la crisis financiera actual / </subfield>
    <subfield code="c">Antonio Torrero Ma&#xF1;as</subfield>
  </datafield>
  <datafield tag="260" ind1=" " ind2=" ">
    <subfield code="a">Madrid : </subfield>
    <subfield code="b">Marcial Pons, </subfield>
    <subfield code="c">2013</subfield>
  </datafield>
  <datafield tag="300" ind1=" " ind2=" ">
    <subfield code="a">180 p&#xE1;ginas ; </subfield>
    <subfield code="c">21 cm.</subfield>
  </datafield>
  <datafield tag="490" ind1="0" ind2=" ">
    <subfield code="a">Colecci&#xF3;n Econom&#xED;a</subfield>
  </datafield>
  <datafield tag="500" ind1=" " ind2=" ">
    <subfield code="a">Incluye notas a pie de p&#xE1;gina e &#xED;ndices de materias y autores.</subfield>
  </datafield>
  <datafield tag="504" ind1=" " ind2=" ">
    <subfield code="a">Bibliograf&#xED;a: p&#xE1;ginas 161-171</subfield>
  </datafield>
  <datafield tag="505" ind1="0" ind2=" ">
    <subfield code="a">Dos conferencias sobre la crisis en la Universidad de Alcal&#xE1;: octubre de 2011 -- La crisis financiera internacional -- La crisis de la econom&#xED;a espa&#xF1;ola -- Sistema financiero y productividad econ&#xF3;mica -- Keynes y la crisis financiera actual</subfield>
  </datafield>
  <datafield tag="520" ind1="3" ind2=" ">
    <subfield code="a">El libro esta formado por tres trabajos:
Dos conferencias sobre la crisis. Octubre 2011. Texto de las conferencias que impart&#xED; por cuarto a&#xF1;o consecutivo, en los primeros d&#xED;as del curso acad&#xE9;mico sobre la crisis financiera actual y su impacto sobre la econom&#xED;a espa&#xF1;ola.
Sistema Financiero y Productividad Econ&#xF3;mica. Se intenta explicar las razones y consecuencias del hiperdesarrollo de las finanzas en relaci&#xF3;n a los sectores reales.
Keynes y la crisis financiera actual. La obra de Keynes es inspiradora para analizar la crisis financiera por los motivos siguientes: a) era un experto en finanzas; b) destaca en su pensamiento la incertidumbre; c) observ&#xF3; directamente la Gran Depresi&#xF3;n; d) particip&#xF3; activamente en la creaci&#xF3;n del Fondo Monetario Internacional.</subfield>
  </datafield>
  <datafield tag="650" ind1="1" ind2="4">
    <subfield code="a">Crisis financiera</subfield>
    <subfield code="9">15754</subfield>
  </datafield>
  <datafield tag="650" ind1="2" ind2="4">
    <subfield code="a">Finanzas internacionales</subfield>
    <subfield code="9">5881</subfield>
  </datafield>
  <datafield tag="650" ind1="2" ind2="4">
    <subfield code="a">Econom&#xED;a keynesiana</subfield>
    <subfield code="9">4935</subfield>
  </datafield>
  <datafield tag="942" ind1=" " ind2=" ">
    <subfield code="2">ddc</subfield>
    <subfield code="c">BK</subfield>
  </datafield>
  <datafield tag="999" ind1=" " ind2=" ">
    <subfield code="c">7895</subfield>
    <subfield code="d">7895</subfield>
  </datafield>
  <datafield tag="952" ind1=" " ind2=" ">
    <subfield code="0">0</subfield>
    <subfield code="1">0</subfield>
    <subfield code="2">ddc</subfield>
    <subfield code="4">0</subfield>
    <subfield code="7">0</subfield>
    <subfield code="8">NFIC</subfield>
    <subfield code="a">CPL</subfield>
    <subfield code="b">CPL</subfield>
    <subfield code="d">2018-04-15</subfield>
    <subfield code="e">Donaci&#xF3;n</subfield>
    <subfield code="o">330.156 / T692k</subfield>
    <subfield code="p">430000099</subfield>
    <subfield code="r">2024-05-16 00:00:00</subfield>
    <subfield code="t">Ej.1</subfield>
    <subfield code="y">BK</subfield>
  </datafield>
</record>
